[Event "ICS Rated standard match"]
[Site "204.178.125.65"]
[Date "2000.07.11"]
[Round "?"]
[White "Hossa"]
[Black "QueenMaxima"]
[Result "1-0"]
[WhiteElo "2384"]
[BlackElo "2362"]
[PlyCount "169"]
[EventDate "2000.??.??"]

1. e4 c5 2. c3 Nf6 3. e5 Nd5 4. d4 cxd4 5. cxd4 d6 6. Nf3 Nc6 7. Be2 e6 8. O-O
dxe5 9. dxe5 Qc7 10. Bc4 Nb6 11. Bd3 Nxe5 12. Nxe5 Qxe5 13. Re1 Qc7 14. Qg4 Nd5
15. Qg5 Qc5 16. Nd2 Bd7 17. Nb3 Qd6 18. Bd2 h6 19. Qg4 Nf6 20. Qe2 Ng4 21. g3
Nf6 22. Bc3 Rd8 23. Rad1 Qc7 24. Rc1 Qb8 25. Nd4 a6 26. Nf5 Qa7 27. Bd4 Qa8 28.
Bb6 Rc8 29. Rxc8+ Qxc8 30. Qe5 Rg8 31. Nxh6 Rh8 32. Nf5 Rxh2 33. Be2 Rh3 34.
Bf3 Bc6 35. Bxc6+ bxc6 36. Nd6+ Bxd6 37. Qxd6 Nd5 38. Bc5 Rh8 39. Rd1 Qb7 40.
Rd3 Qd7 41. Qb8+ Qd8 42. Qb7 a5 43. Qxc6+ Qd7 44. Qa8+ Qd8 45. Qxd8+ Kxd8 46.
Ra3 Kd7 47. Rxa5 Rb8 48. b3 g5 49. Kg2 Kc6 50. Bd4 Rb4 51. Be3 Nxe3+ 52. fxe3
f5 53. Kf3 Kd6 54. Ra6+ Kd5 55. Ra7 g4+ 56. Kg2 Rb6 57. Kf2 Rc6 58. Rd7+ Ke5
59. Rd2 Rc7 60. a4 Rh7 61. Rd4 Rh2+ 62. Kf1 Rh1+ 63. Ke2 Rh3 64. a5 Rxg3 65. a6
Rg2+ 66. Kf1 Rc2 67. Rc4 Rd2 68. Ra4 Rd8 69. Ra1 Ra8 70. b4 Ke4 71. b5 Rh8 72.
Kf2 g3+ 73. Kg2 Rb8 74. a7 Ra8 75. b6 f4 76. exf4 Rf8 77. a8=Q+ Rxa8 78. Rxa8
e5 79. Ra5 exf4 80. b7 f3+ 81. Kxg3 f2 82. Kxf2 Kd4 83. b8=Q Ke4 84. Qd8 Kf4
85. Qd4# 1-0

[Event "ICS rated blitz match"]
[Site "204.178.125.65"]
[Date "2000.07.11"]
[Round "?"]
[White "Tinker"]
[Black "Hossa"]
[Result "1-0"]
[WhiteElo "2477"]
[BlackElo "2518"]
[PlyCount "119"]
[EventDate "2000.??.??"]

1. e4 e6 2. d4 d5 3. Nc3 Bb4 4. e5 Ne7 5. Nge2 c5 6. a3 cxd4 7. Qxd4 Nbc6 8.
Qg4 Bxc3+ 9. Nxc3 O-O 10. f4 Nf5 11. Bd3 d4 12. Ne4 Nce7 13. Qh3 Ng6 14. O-O
Rb8 15. Bd2 Bd7 16. Bb4 Re8 17. Nd6 Nxd6 18. Bxd6 Rc8 19. Bxg6 hxg6 20. Rf2 Qb6
21. c3 dxc3 22. bxc3 Red8 23. Raf1 Ba4 24. Qh4 Bc2 25. Qh3 Qb2 26. Rf3 Be4 27.
Re3 Bd5 28. Rf2 Qb1+ 29. Rf1 Qb6 30. Kh1 Rxd6 31. exd6 Qxd6 32. Qh4 Rd8 33. Ra1
Bc6 34. Kg1 b6 35. a4 Qd5 36. Rg3 Qc5+ 37. Kh1 Rd2 38. Rg1 a5 39. Qg4 Qf2 40.
Rh3 Rd8 41. Qg5 Rd7 42. Qg4 Bxa4 43. f5 Bb3 44. fxg6 f5 45. Qh5 Kf8 46. Qh8+
Ke7 47. Qxg7+ Kd6 48. Qf8+ Kc7 49. g7 e5 50. c4 Bxc4 51. g8=Q Qxg1+ 52. Kxg1
Rd1+ 53. Kf2 Rf1+ 54. Ke3 f4+ 55. Ke4 Re1+ 56. Kf5 Bxg8 57. Rc3+ Bc4 58. Rxc4+
Kd7 59. Rc8 Rh1 60. Qd8# 1-0

[Event "ICS rated standard match"]
[Site "204.178.125.65"]
[Date "2000.07.11"]
[Round "?"]
[White "MissSilicon"]
[Black "Hossa"]
[Result "1-0"]
[WhiteElo "2454"]
[BlackElo "2399"]
[PlyCount "152"]
[EventDate "2000.??.??"]

1. d4 d5 2. c4 e6 3. Nc3 Nf6 4. Bg5 c6 5. Nf3 dxc4 6. e4 b5 7. e5 h6 8. Bh4 g5
9. Nxg5 hxg5 10. Bxg5 Nbd7 11. a4 Rg8 12. Bh4 bxa4 13. Bxf6 Nxf6 14. exf6 Rb8
15. Qxa4 Rxb2 16. Qxc6+ Bd7 17. Qxc4 Qxf6 18. Be2 Rxg2 19. Nd1 Rb7 20. Kf1 Rg5
21. Ne3 Qf4 22. d5 Qe5 23. Rd1 Rb4 24. dxe6 fxe6 25. Qc1 Rh4 26. h3 Qe4 27. Rh2
Qf4 28. Qd2 Rg7 29. Rg2 Rf7 30. Bg4 Bb4 31. Qd3 Rh6 32. Nc4 Rfh7 33. f3 a5 34.
Nb6 Qc7 35. Bh5+ Rxh5 36. Qg6+ Rf7 37. Qxh5 Qxb6 38. Rg8+ Bf8 39. Rxd7 Qb1+ 40.
Kg2 Qb2+ 41. Kh1 Qb1+ 42. Rg1 Qf5 43. Qxf7+ Qxf7 44. Rxf7 Kxf7 45. Rg4 Kf6 46.
h4 Bh6 47. h5 Kf5 48. Rc4 Bd2 49. f4 Kf6 50. Re4 Kg7 51. Rxe6 Bxf4 52. Kg1 Bc1
53. Rg6+ Kf7 54. Ra6 Bd2 55. Kf1 Kg7 56. Kg2 Kf7 57. Rd6 Bc1 58. Rc6 Bd2 59.
Rc2 Be3 60. Kf3 Bb6 61. Rc6 Bd4 62. Ke4 Bb2 63. h6 Kg8 64. Kf5 Kh7 65. Kg5 Be5
66. Re6 Bb2 67. Re7+ Kg8 68. h7+ Kf8 69. Rb7 Be5 70. Kg6 Bd4 71. Rf7+ Ke8 72.
Rf6 Ke7 73. h8=Q Bxf6 74. Qxf6+ Kd7 75. Qf5+ Kc7 76. Qxa5+ Kb8 {Hossa resigns}
1-0

[Event "ICS rated blitz match"]
[Site "204.178.125.65"]
[Date "2000.07.11"]
[Round "?"]
[White "Hossa"]
[Black "MissSilicon"]
[Result "0-1"]
[WhiteElo "2500"]
[BlackElo "2703"]
[PlyCount "148"]
[EventDate "2000.??.??"]

1. e4 c5 2. c3 e6 3. d4 d5 4. e5 cxd4 5. cxd4 Nc6 6. Nf3 Bd7 7. Be2 Rc8 8. O-O
Nge7 9. Nc3 Nf5 10. Nb5 a6 11. Nc3 Qb6 12. Be3 Qxb2 13. Na4 Nxe3 14. fxe3 Qa3
15. Nb6 Qxe3+ 16. Kh1 Rd8 17. Rb1 Be7 18. Rb3 Qf4 19. Qa1 O-O 20. Qb2 Be8 21.
g3 Qg4 22. Kg2 f5 23. h3 Qg6 24. Bd3 Qh6 25. Be2 Bh5 26. a3 Bg5 27. Qc3 Rf7 28.
Qd3 Rc7 29. Rc3 Bxf3+ 30. Bxf3 Bd2 31. Rc2 Be3 32. Rc3 Bxd4 33. Rxc6 Rxc6 34.
Qxd4 Rc2+ 35. Rf2 Rxf2+ 36. Qxf2 Qc1 37. g4 f4 38. a4 Qa1 39. Qe2 Qd4 40. a5
Qc3 41. Na4 Qxa5 42. Nb2 Qc3 43. Nd3 Rf8 44. h4 b5 45. g5 Qd4 46. Kh1 b4 47. h5
b3 48. g6 hxg6 49. hxg6 Rb8 50. Qh2 Qxd3 51. Qh7+ Kf8 52. Qh8+ Ke7 53. Qxg7+
Kd8 54. Qf6+ Kc7 55. Qf7+ Kb6 56. Qxe6+ Ka5 57. Qxd5+ Qxd5 58. Bxd5 b2 59. Be4
b1=R+ 60. Bxb1 Rxb1+ 61. Kg2 Rb3 62. Kf2 Rg3 63. Kf1 Rxg6 64. Ke1 Rg2 65. Kf1
f3 66. Ke1 Re2+ 67. Kf1 Rxe5 68. Kf2 Rf5 69. Ke3 f2 70. Kd4 f1=Q 71. Ke3 Qd1
72. Ke4 Qf3+ 73. Kd4 Rd5+ 74. Kc4 Qd3# {Hossa checkmated} 0-1

[Event "ICS Rated blitz match"]
[Site "204.178.125.65"]
[Date "2000.07.11"]
[Round "?"]
[White "Hossa"]
[Black "QueenMaxima"]
[Result "1-0"]
[WhiteElo "2489"]
[BlackElo "2516"]
[PlyCount "55"]
[EventDate "2000.??.??"]

1. d4 e6 2. e4 a6 3. Be2 Nc6 4. Nf3 Nf6 5. e5 Nd5 6. O-O Bb4 7. c4 Nde7 8. d5
Nb8 9. d6 cxd6 10. a3 Bc5 11. b4 Ba7 12. exd6 Nf5 13. Nc3 Nc6 14. c5 b6 15. b5
Qf6 16. Bd2 Ncd4 17. Ne4 Nxf3+ 18. Bxf3 Qd4 19. Qe2 bxc5 20. g4 Nh4 21. Bc3 Qa4
22. Bxg7 Qxb5 23. Bxh8 Bb7 24. Qd1 Nxf3+ 25. Qxf3 Kd8 26. Qxf7 Qxf1+ 27. Rxf1
Bb8 28. Qf8# 1-0

[Event "ICS rated blitz match"]
[Site "204.178.125.65"]
[Date "2000.07.11"]
[Round "?"]
[White "Tinker"]
[Black "Hossa"]
[Result "1-0"]
[WhiteElo "2530"]
[BlackElo "2506"]
[PlyCount "79"]
[EventDate "2000.??.??"]

1. e4 c5 2. Nf3 Nc6 3. Bb5 Nf6 4. Bxc6 dxc6 5. d3 g6 6. O-O Bg7 7. Re1 O-O 8.
e5 Nd5 9. Nbd2 b6 10. a3 a5 11. Qe2 Nf4 12. Qe4 Nd5 13. Nf1 Rb8 14. Qh4 h5 15.
Bd2 Nc7 16. Qg3 Nb5 17. Ng5 Nd4 18. e6 Bxe6 19. Bf4 Rb7 20. Nxe6 Nxe6 21. Be5
Bxe5 22. Rxe5 Qb8 23. Rae1 Rd8 24. f4 Ng7 25. Nd2 Qc8 26. Qf2 Nf5 27. Nf3 e6
28. h3 Nd4 29. Nh4 Qd7 30. c3 Nb3 31. Qc2 a4 32. R1e3 c4 33. d4 c5 34. d5 exd5
35. Nxg6 Qb5 36. Rg3 f5 37. Ne7+ Kh8 38. Qxf5 Rxe7 39. Qf6+ Kh7 40. Rxe7# {
Hossa checkmated} 1-0

[Event "ICS rated blitz match"]
[Site "204.178.125.65"]
[Date "2000.07.11"]
[Round "?"]
[White "QueenMaxima"]
[Black "Hossa"]
[Result "1-0"]
[WhiteElo "2507"]
[BlackElo "2491"]
[PlyCount "97"]
[EventDate "2000.??.??"]

1. d4 Nf6 2. Bf4 c5 3. dxc5 Qa5+ 4. c3 Qxc5 5. e3 d6 6. Nf3 h6 7. Nbd2 g5 8.
Bg3 Bg7 9. Bd3 O-O 10. O-O Na6 11. Bxa6 bxa6 12. Nb3 Qc7 13. Qd3 Bb7 14. Rad1
Bxf3 15. gxf3 Qb7 16. f4 a5 17. fxg5 hxg5 18. Rd2 a4 19. Na5 Qf3 20. Rdd1 Rab8
21. Nc4 Ne4 22. Qc2 Rb5 23. Rde1 Rc8 24. Na3 Rd5 25. Qxa4 Nd2 26. Qxa7 Nxf1 27.
Qb7 Nxg3 28. Qxc8+ Bf8 29. hxg3 Rd2 30. Rf1 Rxb2 31. Nc4 Rxa2 32. Nb6 Ra7 33.
Qe8 Qf5 34. c4 Qh3 35. Re1 Rc7 36. Ra1 Qg4 37. Ra8 Kh7 38. Qxf8 Qf3 39. Qh8+
Kg6 40. e4 Qd1+ 41. Kg2 f6 42. Nd5 Qf3+ 43. Kxf3 Rb7 44. Rg8+ Kf7 45. Rg7+ Ke6
46. Rxe7+ Rxe7 47. Qxf6+ Kd7 48. Qxe7+ Kc6 49. Qc7# {Hossa checkmated} 1-0

[Event "ICS Rated bullet match"]
[Site "204.178.125.65"]
[Date "2000.07.11"]
[Round "?"]
[White "Hossa"]
[Black "harimau"]
[Result "0-1"]
[WhiteElo "2522"]
[BlackElo "2646"]
[PlyCount "76"]
[EventDate "2000.??.??"]

1. d4 d5 2. c4 c6 3. Nf3 Nf6 4. e3 Bf5 5. Qb3 Qb6 6. Qxb6 axb6 7. cxd5 Nxd5 8.
Bd2 e6 9. Be2 Bxb1 10. Rxb1 Rxa2 11. e4 Nf6 12. Bc4 Ra4 13. Bd3 Bb4 14. Bxb4
Rxb4 15. b3 e5 16. dxe5 Nxe4 17. Bxe4 Rxe4+ 18. Kd2 Ke7 19. Kd3 Rg4 20. g3 Nd7
21. h3 Rb4 22. Kc3 Rb5 23. Rhe1 Rc5+ 24. Kb2 Ra5 25. b4 Ra4 26. Kb3 Rha8 27.
Kc3 Ra2 28. Rf1 b5 29. Kd4 R8a3 30. Ng5 Rd2+ 31. Ke4 Re2+ 32. Kd4 c5+ 33. bxc5
Rd2+ 34. Ke4 Nxc5+ 35. Kf5 Rd4 36. e6 g6+ 37. Ke5 Rad3 38. Nxf7 Re4# {
Hossa checkmated} 0-1

[Event "ICS rated standard match"]
[Site "204.178.125.65"]
[Date "2000.07.11"]
[Round "?"]
[White "QueenMaxima"]
[Black "Hossa"]
[Result "0-1"]
[WhiteElo "2355"]
[BlackElo "2386"]
[PlyCount "192"]
[EventDate "2000.??.??"]

1. d4 Nf6 2. Bf4 c5 3. dxc5 Na6 4. e3 Nxc5 5. Nc3 d6 6. Nf3 Bd7 7. Bc4 h6 8.
O-O g5 9. Bg3 Bg7 10. Nd4 Rc8 11. Bb3 O-O 12. Qe2 Nxb3 13. axb3 a6 14. Rfd1 Qb6
15. e4 Qc5 16. e5 dxe5 17. Bxe5 Bg4 18. f3 Bd7 19. Kh1 Rfd8 20. Rd3 Bh8 21.
Rad1 Re8 22. Qe1 Bg7 23. Na4 Qa7 24. Qa5 Bxa4 25. bxa4 Rc4 26. Bc7 Qc5 27. Qxc5
Rxc5 28. Bb6 Rcc8 29. c3 Nd7 30. a5 Ne5 31. R3d2 Nc4 32. Re2 Nxb6 33. axb6 Rcd8
34. Red2 Rd6 35. Nf5 Rxb6 36. Re2 e6 37. Rd7 Bf8 38. Ne3 Rb5 39. Red2 Bc5 40.
Nc4 f6 41. b4 Bf8 42. h4 Rc8 43. Nd6 Bxd6 44. R2xd6 Rxc3 45. Rxe6 Rc8 46. Rxf6
Rxb4 47. Rg6+ Kf8 48. Rxh6 Ke8 49. Rg7 Rxh4+ 50. Rxh4 gxh4 51. Rxb7 Rc4 52. Ra7
Ra4 53. Kh2 Kf8 54. Rh7 a5 55. Kh3 Rf4 56. Rh5 a4 57. Rh7 Rb4 58. Rd7 Ke8 59.
Ra7 Rf4 60. Rh7 Kd8 61. Rg7 Kc8 62. Rg5 Kc7 63. Rh5 Kb6 64. Rh8 Kc5 65. Ra8 Kb4
66. Rb8+ Kc3 67. Ra8 Kb3 68. Rb8+ Rb4 69. Re8 a3 70. Re3+ Kb2 71. Re2+ Ka1 72.
Re1+ Rb1 73. Re4 Rh1+ 74. Kg4 a2 75. Rb4 Rh2 76. Kh5 Rxg2 77. Kxh4 Rb2 78. Re4
Rb1 79. Kg5 Kb2 80. Re2+ Kb3 81. Rxa2 Kxa2 82. f4 Kb3 83. f5 Kc4 84. Kf6 Kd5
85. Kf7 Ke5 86. f6 Rf1 87. Ke7 Rxf6 88. Kd7 Kd5 89. Ke7 Rf5 90. Kd7 Rf7+ 91.
Ke8 Rh7 92. Kd8 Ke6 93. Kc8 Kd6 94. Kb8 Kc6 95. Ka8 Kb6 96. Kb8 Rh8# 0-1

[Event "ICS rated standard match"]
[Site "204.178.125.65"]
[Date "2000.07.11"]
[Round "?"]
[White "Hossa"]
[Black "JudgeTurpin"]
[Result "0-1"]
[WhiteElo "2401"]
[BlackElo "2384"]
[PlyCount "184"]
[EventDate "2000.??.??"]

1. d4 Nf6 2. c4 g6 3. Nc3 Bg7 4. e4 d6 5. Be2 O-O 6. Bg5 c5 7. d5 h6 8. Bd2 Na6
9. Nf3 Nc7 10. O-O Re8 11. Qc1 h5 12. Bh6 Bd7 13. Bxg7 Kxg7 14. Qf4 Ng4 15. h3
Nh6 16. Rfe1 f6 17. Qg3 Rg8 18. Nd2 Kh7 19. Bd1 a6 20. Na4 Ne8 21. Qb3 b5 22.
Nc3 Nc7 23. a4 bxc4 24. Nxc4 Rb8 25. Qc2 Nf7 26. Rc1 Ne5 27. Be2 Nxc4 28. Bxc4
a5 29. Rb1 Rf8 30. Ra1 Kg7 31. Qd2 h4 32. Re3 Rb4 33. b3 Qa8 34. Ree1 Qa7 35.
Qf4 Rh8 36. Na2 Rbb8 37. Qd2 Qb6 38. Nc3 Rbf8 39. Rab1 Ra8 40. Rb2 Rab8 41. Qe3
g5 42. f4 gxf4 43. Qxf4 Rbg8 44. Rf1 Rh7 45. Rff2 Kf8 46. e5 dxe5 47. Qxe5 Ke8
48. Qe4 Rgg7 49. Rf3 Kf8 50. Rbf2 Be8 51. Qf4 Bh5 52. Re3 Ne8 53. Bd3 Bg6 54.
Bxg6 Rxg6 55. Nb5 Qd8 56. Rd2 Nd6 57. Nxd6 Qxd6 58. Qf5 Rhg7 59. Qc8+ Kf7 60.
Rde2 Rg3 61. Rxe7+ Qxe7 62. Rxe7+ Kxe7 63. Qxc5+ Kf7 64. Qc7+ Kg8 65. Qxa5
Rxg2+ 66. Kf1 Rg1+ 67. Ke2 R1g2+ 68. Kd1 Ra2 69. Qc5 Rgg2 70. Qd4 Kf7 71. Qa7+
Kg6 72. Qd4 Ra1+ 73. Qxa1 Rg1+ 74. Ke2 Rxa1 75. Kd2 Kf5 76. d6 Ke6 77. Kd3 Rh1
78. Ke2 Rxh3 79. b4 Rh2+ 80. Kf1 Kxd6 81. Kg1 Ra2 82. b5 Kc5 83. Kh1 h3 84. b6
Kxb6 85. Kg1 f5 86. Kh1 f4 87. a5+ Ka6 88. Kg1 Rg2+ 89. Kh1 Kb5 90. a6 f3 91.
a7 f2 92. a8=Q f1=Q# {Hossa checkmated} 0-1

[Event "ICS Rated standard match"]
[Site "204.178.125.65"]
[Date "2000.07.11"]
[Round "?"]
[White "Hossa"]
[Black "Tinker"]
[Result "1-0"]
[WhiteElo "2384"]
[BlackElo "2296"]
[PlyCount "143"]
[EventDate "2000.??.??"]

1. d4 d5 2. c4 dxc4 3. e3 Be6 4. Nf3 c6 5. Be2 Nf6 6. O-O b5 7. Ne5 Nfd7 8.
Nxd7 Bxd7 9. b3 cxb3 10. axb3 e6 11. Bf3 a5 12. Ba3 Bxa3 13. Nxa3 Ra6 14. Nb1
O-O 15. Nc3 e5 16. dxe5 Be6 17. Qc2 Nd7 18. Rfd1 Qh4 19. Rd4 Qh6 20. Ne4 Nxe5
21. Bd1 Qg6 22. Qc3 Nd7 23. Qd2 Bd5 24. Bc2 Ne5 25. Ng3 Qf6 26. Rxa5 Rxa5 27.
Qxa5 Re8 28. Rd2 Be6 29. Ne4 Qh4 30. Qc3 Bd5 31. Ng3 Qf6 32. Qd4 Kh8 33. Qa7
Qe6 34. Qa3 Qh6 35. Qc5 Ng4 36. h3 Nf6 37. Rd4 Nd7 38. Qa7 Ne5 39. Qc7 Qg5 40.
h4 Qf6 41. Nh5 Qe7 42. Qxe7 Rxe7 43. e4 g6 44. exd5 gxh5 45. d6 Rd7 46. Bf5 Rd8
47. d7 Kg7 48. Rd6 Kf8 49. f4 Ng6 50. g3 Ke7 51. Rxc6 Nf8 52. Rc5 b4 53. Re5+
Ne6 54. Bxh7 Kxd7 55. Rxh5 Nd4 56. Rd5+ Ke7 57. Rxd8 Kxd8 58. h5 Ke7 59. h6 Kf8
60. g4 Nxb3 61. g5 Nd4 62. Kf2 Ne6 63. Ke3 b3 64. Bf5 b2 65. Bc2 Nc7 66. f5 Ne8
67. Bb1 Nf6 68. gxf6 Kg8 69. Kf4 Kh7 70. Ke5 Kxh6 71. Kd6 Kg5 72. Ke7 {
Tinker resigns} 1-0

[Event "ICS rated blitz match"]
[Site "204.178.125.65"]
[Date "2000.07.11"]
[Round "?"]
[White "Hossa"]
[Black "QueenMaxima"]
[Result "1-0"]
[WhiteElo "2476"]
[BlackElo "2561"]
[PlyCount "137"]
[EventDate "2000.??.??"]

1. d4 g6 2. c4 Nf6 3. g3 Bg7 4. Bg2 d5 5. cxd5 Nxd5 6. Nf3 Nb6 7. O-O O-O 8. a4
Nc6 9. a5 Nd5 10. a6 Ndb4 11. axb7 Bxb7 12. Be3 Rb8 13. Nc3 Ba8 14. Qd2 e6 15.
Ne4 Ne7 16. Nc5 Bxf3 17. Bxf3 Nbc6 18. Rfd1 Qd6 19. Bg2 Nd5 20. Ra4 Rfd8 21.
Bg5 f6 22. Be3 f5 23. Bg5 Bxd4 24. Nxe6 Qxe6 25. Bxd8 Rxd8 26. Rxd4 Nxd4 27.
Qxd4 c6 28. e3 Qe7 29. b4 a6 30. Bf1 Rb8 31. Bxa6 Rxb4 32. Bc4 h6 33. Bxd5+
cxd5 34. Qxd5+ Kh7 35. Qd7 Rb7 36. Qxe7+ Rxe7 37. Kg2 Kg7 38. h4 Kf6 39. Rd6+
Re6 40. Rxe6+ Kxe6 41. f3 Kd5 42. g4 fxg4 43. fxg4 Ke4 44. Kf2 Ke5 45. Kf3 g5
46. hxg5 hxg5 47. Kf2 Kd5 48. Ke1 Kd6 49. Ke2 Kd5 50. Kd3 Ke5 51. e4 Kd6 52.
Kd4 Ke6 53. e5 Kd7 54. Kd5 Ke7 55. e6 Ke8 56. Ke5 Ke7 57. Kf5 Kd6 58. Kf6 Kc6
59. e7 Kd7 60. Kf7 Kd6 61. Kf8 Kd5 62. Kg7 Ke4 63. Kf6 Kf4 64. e8=Q Kxg4 65.
Qe3 Kh4 66. Qxg5+ Kh3 67. Qg1 Kh4 68. Qg2 Kh5 69. Qh3# 1-0

[Event "ICS rated blitz match"]
[Site "204.178.125.65"]
[Date "2000.07.11"]
[Round "?"]
[White "QueenMaxima"]
[Black "Hossa"]
[Result "1/2-1/2"]
[WhiteElo "2541"]
[BlackElo "2496"]
[PlyCount "160"]
[EventDate "2000.??.??"]

1. d4 Nf6 2. Bf4 c5 3. dxc5 Na6 4. e3 Nxc5 5. a4 d6 6. Bb5+ Bd7 7. Ne2 Bxb5 8.
axb5 h6 9. O-O g5 10. Bg3 Bg7 11. Nd4 Nfe4 12. Nd2 Nxd2 13. Qxd2 h5 14. h3 Ne4
15. Qb4 Nxg3 16. fxg3 Be5 17. b6 a6 18. Qb3 O-O 19. Ra5 e6 20. Nf3 Bf6 21. Nd2
Bg7 22. Ne4 d5 23. Nc5 Qe7 24. c3 f5 25. Qd1 Rfc8 26. Na4 g4 27. h4 Qd6 28. Kh2
Rc4 29. Qe1 Qc6 30. Rf4 Rc8 31. Qe2 Qd6 32. Qe1 Re4 33. Rxe4 dxe4 34. Qf2 Bf6
35. Qf4 Qf8 36. Kh1 Rc6 37. Kg1 Bg7 38. Qg5 Rd6 39. Rc5 Rd1+ 40. Kh2 Ra1 41.
Rc4 e5 42. Qxh5 Re1 43. Rc7 Rxe3 44. Rxb7 f4 45. Qxg4 Rxg3 46. Qh5 a5 47. Ra7
Qd8 48. b7 Rxg2+ 49. Kh1 Rh2+ 50. Kxh2 Qd2+ 51. Kg1 Qe1+ 52. Kg2 Qd2+ 53. Kh3
Qd3+ 54. Kg4 Qd1+ 55. Kg5 Qd8+ 56. Kf5 Qd7+ 57. Kxe4 Qxa4+ 58. Kd3 e4+ 59. Kd2
Bxc3+ 60. bxc3 Qa2+ 61. Ke1 Qa1+ 62. Kf2 Qb2+ 63. Qe2 Qb6+ 64. Kf1 Qxa7 65.
Qg4+ Kh7 66. Qf5+ Kg7 67. Qe5+ Kg6 68. Qxe4+ Kg7 69. Qd4+ Qxd4 70. cxd4 Kf6 71.
b8=Q a4 72. Qxf4+ Kg7 73. d5 a3 74. Qe5+ Kf7 75. Qe6+ Kg7 76. d6 a2 77. Qe5+
Kg6 78. d7 Kh7 79. d8=Q a1=Q+ 80. Qxa1 Kg6 1/2-1/2

[Event "ICS rated blitz match"]
[Site "204.178.125.65"]
[Date "2000.07.11"]
[Round "?"]
[White "Tinker"]
[Black "Hossa"]
[Result "0-1"]
[WhiteElo "2543"]
[BlackElo "2498"]
[PlyCount "88"]
[EventDate "2000.??.??"]

1. e4 c5 2. Nf3 e6 3. Nc3 d6 4. d4 cxd4 5. Nxd4 Nf6 6. Bb5+ Nbd7 7. Ba4 a6 8.
Bg5 b5 9. Bb3 Bb7 10. f3 h6 11. Bxf6 gxf6 12. a3 Rg8 13. O-O Rc8 14. Re1 h5 15.
a4 b4 16. Na2 a5 17. Qd3 Qb6 18. Kh1 Nc5 19. Qe3 Nxb3 20. Nxb3 Qxe3 21. Rxe3
Rxc2 22. g3 Bh6 23. Rd3 Ba6 24. Rxd6 Be2 25. Nd4 Rd2 26. Nxe2 Rxd6 27. Nac1 Rd2
28. b3 Ke7 29. f4 e5 30. Ra2 Rd1+ 31. Kg2 exf4 32. Rc2 fxg3 33. hxg3 h4 34. Na2
hxg3 35. Rc7+ Rd7 36. Rc2 Be3 37. Nac1 Rd1 38. Rc7+ Kd6 39. Rc2 Ke5 40. Rc4
Bxc1 41. Rxc1 Rxc1 42. Nxc1 Kxe4 43. Ne2 Ke3 44. Ng1 Kd2 {Tinker resigns} 0-1

[Event "ICS rated blitz match"]
[Site "204.178.125.65"]
[Date "2000.07.11"]
[Round "?"]
[White "Hossa"]
[Black "Tinker"]
[Result "1-0"]
[WhiteElo "2516"]
[BlackElo "2525"]
[PlyCount "73"]
[EventDate "2000.??.??"]

1. d4 d5 2. c4 dxc4 3. e3 Nc6 4. Bxc4 Nh6 5. Ne2 e5 6. O-O Bd6 7. d5 Na5 8. Bd3
O-O 9. Bd2 b6 10. Bxa5 bxa5 11. Ng3 Rb8 12. Qc2 f5 13. Nc3 Qh4 14. Be2 Ng4 15.
Bxg4 Qxg4 16. Na4 Ba6 17. h3 Qc4 18. Nc3 e4 19. Rfe1 Qb4 20. b3 Bd3 21. Qd2 Be5
22. Rac1 f4 23. Nf1 f3 24. Nh2 fxg2 25. Ng4 Bd6 26. f4 a4 27. bxa4 Qa5 28. Nxe4
Bb4 29. Qxd3 Bxe1 30. Ng5 g6 31. Qd4 Rf7 32. Nh6+ Kf8 33. Qh8+ Ke7 34. Qe5+ Kf8
35. Ne6+ Ke8 36. Nxc7+ Kf8 37. Ne6+ {Tinker resigns} 1-0

[Event "ICS rated blitz match"]
[Site "204.178.125.65"]
[Date "2000.07.11"]
[Round "?"]
[White "Tinker"]
[Black "Hossa"]
[Result "0-1"]
[WhiteElo "2509"]
[BlackElo "2532"]
[PlyCount "204"]
[EventDate "2000.??.??"]

1. e4 c5 2. Nf3 e6 3. Nc3 d6 4. d4 cxd4 5. Bb5+ Bd7 6. Bxd7+ Nxd7 7. Nxd4 Be7
8. O-O Ngf6 9. Be3 O-O 10. Re1 Ne5 11. Qe2 Nfg4 12. Bd2 Rc8 13. h3 Nf6 14. Rad1
Nc4 15. Bc1 Nd7 16. b3 Nce5 17. Bb2 a6 18. Qf1 Ng6 19. Nde2 Qc7 20. Rd4 b5 21.
Red1 Qa5 22. b4 Qc7 23. Bc1 Nb6 24. Qe1 Nc4 25. a3 Bf6 26. R4d3 Nge5 27. Rd4
Rfd8 28. Kf1 Qc6 29. Kg1 Qb7 30. Ng3 Qa7 31. Nce2 Bh4 32. Nf1 Qb7 33. Nc3 Qc7
34. Na2 Bf6 35. Nh2 Qc6 36. c3 Rd7 37. Nf1 Ng6 38. R4d3 Rdc7 39. Qe2 Nge5 40.
Rd4 Rd8 41. Ng3 Ng6 42. R4d3 Bh4 43. Nf1 Rb8 44. Nh2 Nge5 45. Rd4 Be7 46. Qe1
Nd7 47. Ng4 Rbc8 48. Qe2 Nf8 49. Nh2 Ng6 50. Nf3 Rd7 51. R4d3 Nge5 52. Nxe5
Nxe5 53. Rd4 Bf6 54. Re1 Nc4 55. Rd3 Rdc7 56. Red1 Be5 57. Kf1 Rf8 58. Qe1 f5
59. exf5 Rxf5 60. Kg1 Rcf7 61. f3 d5 62. Qf2 Qd6 63. Qc5 Qb8 64. Kh1 Bd6 65.
Qg1 Bc7 66. Rd4 Bg3 67. Rg4 Rf8 68. Rf1 R5f7 69. f4 Bxf4 70. Bxf4 Rxf4 71.
Rgxf4 Rxf4 72. Rxf4 Qxf4 73. Qc5 h6 74. Qg1 Qd2 75. Qa1 e5 76. Kh2 Nxa3 77. Nc1
Nc2 78. Qb2 Qf4+ 79. Kg1 Ne3 80. Qe2 e4 81. Qd2 Kf7 82. Nb3 h5 83. Nc5 h4 84.
Qe1 Qg3 85. Qd2 Kg6 86. Nxa6 Nc4 87. Qxd5 Qxg2+ 88. Kxg2 Ne3+ 89. Kf2 Nxd5 90.
Nb8 Nf4 91. Ke3 Nxh3 92. Kxe4 Kg5 93. Ke3 Kg4 94. Na6 Nf4 95. Nc5 h3 96. Ne4 h2
97. Nf2+ Kg3 98. Ne4+ Kg2 99. Kxf4 h1=Q 100. Ke3 g5 101. Nc5 Qe1+ 102. Kd3 Kf3
{Tinker resigns} 0-1

[Event "ICS rated blitz match"]
[Site "204.178.125.65"]
[Date "2000.07.11"]
[Round "?"]
[White "Hossa"]
[Black "Tinker"]
[Result "0-1"]
[WhiteElo "2547"]
[BlackElo "2494"]
[PlyCount "236"]
[EventDate "2000.??.??"]

1. d4 d5 2. c4 dxc4 3. e3 Nc6 4. Bxc4 a6 5. Ne2 e5 6. O-O Be7 7. Qb3 Nh6 8.
dxe5 Nxe5 9. e4 Nhg4 10. Rd1 Bd6 11. h3 Nxc4 12. hxg4 b5 13. g5 Qe7 14. Nbc3
O-O 15. Qc2 Qe6 16. Bf4 Bxf4 17. Nxf4 Qe5 18. Nfd5 Bg4 19. Rd3 Qxg5 20. Nxc7
Ra7 21. N7d5 Qh6 22. f3 Be6 23. Qf2 Rb7 24. f4 Bg4 25. b3 Nb6 26. Nxb6 Rxb6 27.
Nd5 Re6 28. Re1 f5 29. e5 Kh8 30. Rc3 Qh5 31. Rc7 Rh6 32. Qc5 Rd8 33. Qe7 Rg8
34. Kf2 Qh2 35. Rc3 Rg6 36. Rg1 Bh5 37. a3 Rg4 38. Qd6 Rxf4+ 39. Nxf4 Qxf4+ 40.
Rf3 Bxf3 41. gxf3 Re8 42. Kg2 Qe3 43. Rf1 f4 44. Qxa6 Qxe5 45. Qb7 Qg5+ 46. Kh1
Qh4+ 47. Kg1 Qg3+ 48. Kh1 Qh3+ 49. Kg1 Qf5 50. a4 Qg5+ 51. Kh1 Qh4+ 52. Kg1
bxa4 53. Qb5 Qg3+ 54. Kh1 Qh4+ 55. Kg1 Qe7 56. bxa4 Rd8 57. a5 Qh4 58. a6 Qg3+
59. Kh1 Qh4+ 60. Kg1 Qe7 61. Kh1 Ra8 62. Kg2 Qe6 63. Ra1 Qg6+ 64. Kf1 Qh6 65.
Kg2 Qh4 66. Qe2 Qg5+ 67. Kf1 Qh5 68. Qg2 Qe5 69. Qa2 Qc3 70. Qa3 Qc4+ 71. Kf2
Qd4+ 72. Kg2 Qd2+ 73. Kg1 Qd4+ 74. Kg2 Qd5 75. Qa5 Qd3 76. Qa2 Qg6+ 77. Kf1 Qh5
78. Kg2 Qh4 79. Qf2 Qg5+ 80. Kf1 Qh6 81. Qa2 Qh1+ 82. Kf2 Qh3 83. Qd5 Qh2+ 84.
Kf1 Re8 85. Qa2 Qh1+ 86. Kf2 Qh2+ 87. Kf1 Qg3 88. Qg2 Qh4 89. a7 Ra8 90. Ra6
Qe7 91. Qb2 Qc7 92. Qa2 h6 93. Kg2 Qe5 94. Ra3 Qg5+ 95. Kf1 Qc5 96. Ra4 Qh5 97.
Kg2 Qg6+ 98. Kf1 Qc6 99. Qb3 Qc1+ 100. Ke2 Re8+ 101. Re4 Rd8 102. Qb8 Qc2+ 103.
Kf1 Qd1+ 104. Kg2 Kh7 105. Rxf4 Rd2+ 106. Kh3 Qh1+ 107. Kg4 Qg1+ 108. Kf5 Qc5+
109. Qe5 Qc8+ 110. Qe6 Rd5+ 111. Kg4 Qxe6+ 112. Kg3 Qe1+ 113. Kh3 Qh1+ 114. Kg3
Qe1+ 115. Kh3 Qh1+ 116. Kg3 Qg1+ 117. Kh3 Rd2 118. a8=Q Rh2# {Hossa checkmated}
0-1

[Event "ICS rated blitz match"]
[Site "204.178.125.65"]
[Date "2000.07.11"]
[Round "?"]
[White "QueenMaxima"]
[Black "Hossa"]
[Result "1-0"]
[WhiteElo "2550"]
[BlackElo "2529"]
[PlyCount "125"]
[EventDate "2000.??.??"]

1. d4 d5 2. c4 dxc4 3. Nf3 Nf6 4. e3 Bg4 5. Bxc4 e6 6. Nc3 Be7 7. h3 Bf5 8. Qb3
b6 9. O-O O-O 10. Nh4 Bg6 11. Nxg6 hxg6 12. d5 exd5 13. Nxd5 Bd6 14. Qc3 Nxd5
15. Bxd5 Bh2+ 16. Kxh2 Qxd5 17. Qxc7 Re8 18. Qc2 Nc6 19. Bd2 Rec8 20. Bc3 a5
21. Rfd1 Qe6 22. Qa4 Qf5 23. Qh4 g5 24. Qh5 f6 25. Kg1 Rd8 26. Rac1 b5 27. Qe2
Rac8 28. Rxd8+ Nxd8 29. g4 Qd5 30. Rd1 Qxa2 31. Qxb5 Nc6 32. Qb7 Qe6 33. Rd7
Rb8 34. Rxg7+ Kf8 35. Qc7 Rc8 36. Rf7+ Ke8 37. Rxf6 Qxg4+ 38. hxg4 Rxc7 39. Rg6
Ne7 40. Rxg5 a4 41. Ra5 Rc4 42. f4 Re4 43. Bd4 Ng6 44. Kg2 Rxd4 45. exd4 Nxf4+
46. Kf3 Nd3 47. Rxa4 Kd7 48. Ke2 Nf4+ 49. Ke3 Ne6 50. d5 Ng5 51. Kf4 Nh3+ 52.
Ke5 Nf2 53. Ra7+ Kc8 54. d6 Kb8 55. d7 Nxg4+ 56. Kd6 Kxa7 57. d8=Q Ne5 58. Qa5+
Kb7 59. Qb5+ Kc8 60. Qa6+ Kb8 61. Qb6+ Ka8 62. Kc7 Nf3 63. Qb7# {
Hossa checkmated} 1-0